Proyecto de Código de Procedimiento Civil: conforme a los acuerdos hasta ahora celebrados por la comisión encargada de estudiar y proponer al Supremo Gobierno las reformas que procede introducir en el Código vigente
Guardat en:
| Format: | Llibre |
|---|---|
| Idioma: | espanyol |
| Publicat: |
Santiago
Dirección General de Prisiones
1937
|
| Matèries: | |
| Etiquetes: |
Afegir etiqueta
Sense etiquetes, Sigues el primer a etiquetar aquest registre!
|
MARC
| LEADER | 00000nam a2200000 a 4500 | ||
|---|---|---|---|
| 001 | UCR3820 | ||
| 003 | CL-VaPUC | ||
| 008 | 980130e19370000CL |||||||||||||||||spa|d | ||
| 082 | 0 | 4 | |a 347.83 |b PRO |2 21 |
| 245 | 1 | 0 | |a Proyecto de Código de Procedimiento Civil: conforme a los acuerdos hasta ahora celebrados por la comisión encargada de estudiar y proponer al Supremo Gobierno las reformas que procede introducir en el Código vigente |
| 300 | |a 170 p | ||
| 942 | |c BK | ||
| 945 | |d 19980130 00:00:00 |a aolguin | ||
| 260 | |a Santiago |b Dirección General de Prisiones |c 1937 | ||
| 650 | 0 | |a Código de procedimiento civil |9 256305 | |
| 650 | 7 | |a REFORMAS |2 CL-VaPUC |9 256195 | |
| 650 | 0 | |a Derecho procesal civil |9 258071 | |
| 650 | 0 | |a Procedimiento civil |9 254870 | |
| 650 | 0 | |a Tribunales |9 254872 | |
| 650 | 0 | |a Administración de justicia |9 382749 | |
| 651 | 7 | |a CHILE |2 CL-VaPUC |9 403134 | |
| 583 | |a last modification |c 19980130 00:00:00 |k Rodrigo Vera | ||
| 999 | |c 266841 |d 266839 | ||
| 952 | |0 0 |1 0 |4 0 |6 347_830000000000000_PRO_1937 |7 0 |8 X |9 298852 |a BIBDER |b BIBDER |d 2019-11-20 |i 1944029 |o 347.83 PRO 1937 |p 1944029 |r 2023-01-25 |w 2019-11-20 |y BK_X |k DER | ||